| 000 | 00888nam a2200241 i 4500 | ||
|---|---|---|---|
| 001 | 32815 | ||
| 003 | ES-MaACL | ||
| 005 | 20230906154635.0 | ||
| 007 | t| | ||
| 008 | 030131s1972 sp |||| | spa d | ||
| 080 | _a946.301"13/16" | ||
| 100 | 1 |
_aBenito Ruano, Eloy. _927689 |
|
| 245 | 1 | 3 |
_aLa prelación ciudadana _b: las disputas por la precedencia entre las ciudades de la Corona de Castilla / _cEloy Benito Ruano. |
| 260 |
_a[Toledo : _bPublicaciones del Centro Universitario de Toledo, Universidad Complutense, _c1972] |
||
| 300 |
_a103 p. ; _c20 cm. |
||
| 490 | 1 |
_aToledo universitario ; _v4 |
|
| 650 | 4 |
_aCiudades- _zCastilla (Reino) _9162583 |
|
| 710 | 2 |
_aUniversidad Complutense de Madrid. _bCentro Universitario de Toledo. _9162578 |
|
| 830 | 0 |
_aToledo universitario ; _v4 _9185581 |
|
| 852 |
_aES-MaACL _jC-50614 |
||
| 852 |
_aES-MaACL _jE-6658 |
||
| 999 |
_c32815 _d32815 |
||